Memorias de Eulalia de Borbón, ex Infanta de España (de 1864 a 1931) / (Record no. 35077)

MARC details
000 -LEADER
campo de control de longitud fija 00622nam a2200181 i 4500
001 - NÚMERO DE CONTROL
campo de control 35077
003 - IDENTIFICADOR DE NÚMERO DE CONTROL
campo de control ES-MaACL
005 - FECHA Y HORA DE LA ÚLTIMA TRANSACCIÓN
campo de control 20250811063133.0
007 - CAMPO FIJO DE DESCRIPCIÓN FÍSICA--INFORMACIÓN GENERAL
campo de control de longitud fija t|
008 - DATOS DE LONGITUD FIJA--INFORMACIÓN GENERAL
campo de control de longitud fija 030212s1935 sp ||||1| spa d
100 1# - ENTRADA PRINCIPAL--NOMBRE DE PERSONA
Nombre de persona Borbón, Eulalia de,
Títulos y otros términos asociados al nombre Infanta de España,
Fechas asociadas al nombre 1864-1958
9 (RLIN) 30355
245 10 - MENCIÓN DEL TÍTULO
Título Memorias de Eulalia de Borbón, ex Infanta de España (de 1864 a 1931) /
Mención de responsabilidad, etc. con una introducción de Alberto Lamar Schweyer.
260 ## - PUBLICACIÓN, DISTRIBUCIÓN, ETC.
Lugar de publicación, distribución, etc. Barcelona :
Nombre del editor, distribuidor, etc. Juventud,
Fecha de publicación, distribución, etc. [1935]
300 ## - DESCRIPCIÓN FÍSICA
Extensión 301 p., 32 lám. ;
Dimensiones 22 cm.
700 1# - ENTRADA AGREGADA--NOMBRE PERSONAL
Nombre de persona Lamar Schweyer, Alberto.
9 (RLIN) 69764
852 ## - LOCALIZACIÓN
Ubicación ES-MaACL
Número de control de estantería A-3666
Holdings
Estatus retirado Estado de pérdida Estado de daño No para préstamo Biblioteca de origen Biblioteca actual Ubicación en estantería Fecha de adquisición Fuente de adquisición Total de préstamos Signatura topográfica completa Código de barras Visto por última vez Precio de reemplazo Tipo de ítem Koha
        Biblioteca del Ateneo de Madrid Biblioteca del Ateneo de Madrid Sala Pecera Planta 1 17/01/2008     A-3666 1036673 23/02/2023 23/02/2023 Libro impreso